000 00254 a2200109 4500
001 61987
082 _a153.94 KAP
090 _c37152
_d37152
100 _aRichmond, Barry
245 _aGRE Exam 2006
_cBarry Richmond
260 _bSimon & Schuster
_c2006
942 _aNUST-CAE
_k153.94 KAP
999 _c297060
_d297060